Loading...
| Philosophy | 1 | 3 | 1 | 1 | 40 | 42 | 100.50 | 2 | 2 |
| Fine Arts - Painting and Sculpture | 0 | 3 | 0 | 0 | 30 | 83 | 92.00 | 0 | 2 |
| Literature - European Literature | 0 | 2 | 0 | 0 | 20 | 101 | 118.50 | 1 | 1 |
| Other Culture | 1 | 0 | 0 | 0 | 15 | 50 | 50.00 | 0 | 1 |
| Other Science (Mixed/Any) | 1 | 0 | 0 | 0 | 15 | 78 | 78.00 | 0 | 1 |
| Literature - American Literature | 0 | 1 | 0 | 0 | 10 | 100 | 100.00 | 0 | 0 |
| Literature - World Literature | 0 | 1 | 0 | 0 | 10 | 138 | 138.00 | 0 | 0 |
| Religion | 0 | 1 | 0 | 1 | 10 | 159 | 159.00 | 0 | 0 |
| Other Academic | 0 | 1 | 0 | 0 | 10 | 144 | 144.00 | 0 | 0 |
| Other Science (Computer Science) | 0 | 1 | 0 | 0 | 10 | 80 | 80.00 | 0 | 0 |
| Modern World | 0 | 1 | 1 | 0 | 5 | 129 | 129.00 | 0 | 0 |
| History - American History | 0 | 0 | 0 | 0 | 0 | 0.00 | 0 | 0 | |
| Social Science | 0 | 0 | 0 | 0 | 0 | 0.00 | 0 | 0 | |
| History - World History | 0 | 0 | 1 | 0 | -5 | 0.00 | 0 | 0 | |
| History - Other History | 0 | 0 | 1 | 0 | -5 | 0.00 | 0 | 0 |